000 00548nam a2200169Ia 4500
003 IN-BaIIA
008 211028s9999 xx s 000 0 eng d
020 _a9780892520381 (Print)
040 _cIIA Library
100 _aLarmore, Lewis, ed.
_98060
245 0 _aInstrumentation in Astronomy I
_h[eBook]
260 _aWashington, USA
_bSPIE
_c1972
300 _aOnline resource
490 _aProceedings of SPIE; V. 0028
856 _uhttps://www.spiedigitallibrary.org/conference-proceedings-of-spie/0028
_yClick Here to Access eBook
942 _cEB
999 _c26611
_d26611